The Main Parts of the Human Brain - Statistics

General Stats
  • This quiz has been taken 70 times
  • The average score is 5 of 10
Answer Stats
Answer % Correct
Frontal lobe
85%
Occipital lobe
62%
Cerebellum
60%
Temporal lobe
58%
Parietal lobe
57%
Brainstem
43%
Hypothalamus
43%
Cerebrum
40%
Thalamus
40%
Diencephalon
2%
No matching quizzes found
Score Distribution
Percent of People with Each Score
Percentile by Number Answered
Your Score History
You have not taken this quiz